KOHA-Header-6

Encyclopedia of world trade : from ancient times to the present (Record no. 13343)

000 -LEADER
fixed length control field 00424nam a22001577a 4500
003 - CONTROL NUMBER IDENTIFIER
control field MAJU-Karachi
005 - DATE AND TIME OF LATEST TRANSACTION
control field 20220706141812.0
008 - FIXED-LENGTH DATA ELEMENTS--GENERAL INFORMATION
fixed length control field 220706b ||||| |||| 00| 0 eng d
020 ## - INTERNATIONAL STANDARD BOOK NUMBER
International Standard Book Number 0765680580
040 ## - CATALOGING SOURCE
Transcribing agency dlc
050 ## - LIBRARY OF CONGRESS CALL NUMBER
Classification number 382.03
Item number 5103
082 ## - DEWEY DECIMAL CLASSIFICATION NUMBER
Edition number V.1
Classification number 382.03
Item number 5103
100 ## - MAIN ENTRY--PERSONAL NAME
Personal name Northrup, Cynthia Clark, 1959-
245 ## - TITLE STATEMENT
Title Encyclopedia of world trade : from ancient times to the present
942 ## - ADDED ENTRY ELEMENTS (KOHA)
Source of classification or shelving scheme
Koha item type Reference
Holdings
Withdrawn status Lost status Source of classification or shelving scheme Damaged status Not for loan Collection code Permanent Location Current Location Shelving location Date acquired Full call number Barcode Date last seen Price effective from Koha item type
        Not For Loan Dictionaries MAJU MAJU Shelf No.B28 2022-07-06 382.03 5103 2022-07-06 2022-07-06 Reference
        Not For Loan Dictionaries MAJU MAJU Shelf No.B28 2022-07-06 382.03 5104 2022-11-23 2022-07-06 Reference

Powered by Koha